000 00476cam a2200181ua 4500
041 _aeng
_h
082 _a821
_bGOL/PO
100 _aGoldsmith, Oliver .
245 _aPoems and plays /
_cOliver Goldsmith.
_hTextual Documents
260 _aLondon :
_bJ M Dent and Sons Ltd ,
_c1966.
300 _a317 ; .
440 0 _aEveryman`s Library,
_v415
_x;
490 0 _aEveryman`s Library,
_v415
_x;
504 _a
942 _cBK
999 _c5135
_d5135